[Event "Kuala Lumpur op 4th"]
[Site "Kuala Lumpur"]
[Date "2007.08.22"]
[Round "5"]
[White "Mohan, Raj"]
[Black "Nanjo, Ryosuke"]
[Result "0-1"]
[WhiteElo "1986"]
[BlackElo "2165"]
[PlyCount "94"]
[EventDate "2007.08.20"]
[EventType "swiss"]
[EventRounds "11"]
[EventCountry "MAS"]
[SourceTitle "CBM 120 Extra"]
[Source "ChessBase"]
[SourceDate "2007.11.01"]
[SourceVersion "1"]
[SourceVersionDate "2007.11.01"]
[SourceQuality "1"]

1. d4 e6 2. e4 d5 3. exd5 exd5 4. c4 Nf6 5. Nc3 Nc6 6. c5 g6 7. Bf4 a6 8. h3 Bg7 9. Nf3 0-0 10. Be2 Be6 11. 0-0 Ne4 12. Qa4 Qd7 13. Qd1 h6 14. Re1 g5 15. Ne5 Nxe5 16. Bxe5 f6 17. Nxe4 fxe5 18. Ng3 exd4 19. Bd3 Rae8 20. Qc2 Bf7 21. Bf5 Qb5 22. Bd3 Qa5 23. Red1 Re6 24. a3 Be8 25. b4 Qa4 26. Qd2 Ref6 27. Bc2 Qd7 28. Rf1 Bg6 29. Bxg6 Rxg6 30. Rad1 Re6 31. Nh5 Bh8 32. Ng3 Qf7 33. a4 Qg6 34. Ne2 Re4 35. Nc1 Rfe8 36. Qd3 Qf7 37. Rd2 R8e6 38. Re2 Qe8 39. Rfe1 Be5 40. Rxe4 dxe4 41. Qc4 Kg7 42. Qd5 c6 43. Qc4 Bf6 44. f3 e3 45. Nd3 Re7 46. b5 axb5 47. axb5 cxb5 0-1

[Event "Kuala Lumpur op 4th"]
[Site "Kuala Lumpur"]
[Date "2007.08.21"]
[Round "3"]
[White "Mohan, Raj"]
[Black "Taminsyah, Aston"]
[Result "1-0"]
[WhiteElo "1986"]
[BlackElo "1743"]
[PlyCount "55"]
[EventDate "2007.08.20"]
[EventType "swiss"]
[EventRounds "11"]
[EventCountry "MAS"]
[SourceTitle "CBM 120 Extra"]
[Source "ChessBase"]
[SourceDate "2007.11.01"]
[SourceVersion "1"]
[SourceVersionDate "2007.11.01"]
[SourceQuality "1"]

1. d4 d5 2. Nf3 Nf6 3. c4 c6 4. cxd5 cxd5 5. Nc3 Nc6 6. Bf4 Bf5 7. e3 e6 8. Qb3 Bb4 9. Be2 Nh5 10. Bg5 f6 11. Bh4 g6 12. Ne5 a5 13. Nxc6 bxc6 14. g4 g5 15. gxf5 Ng7 16. Bg3 exf5 17. a3 Be7 18. Rc1 Ne6 19. Qb7 Qc8 20. Qxc8+ Rxc8 21. Nxd5 Kf7 22. Bh5+ Kf8 23. Nb6 Rd8 24. Rxc6 Ng7 25. Be2 Kf7 26. Bc7 Rde8 27. Bc4+ Kf8 28. Nd7# 1-0

[Event "Kuala Lumpur op 4th"]
[Site "Kuala Lumpur"]
[Date "2007.08.20"]
[Round "1"]
[White "Mohan, Raj"]
[Black "Wan, Yunguo"]
[Result "0-1"]
[WhiteElo "1986"]
[BlackElo "2386"]
[PlyCount "42"]
[EventDate "2007.08.20"]
[EventType "swiss"]
[EventRounds "11"]
[EventCountry "MAS"]
[SourceTitle "CBM 120 Extra"]
[Source "ChessBase"]
[SourceDate "2007.11.01"]
[SourceVersion "1"]
[SourceVersionDate "2007.11.01"]
[SourceQuality "1"]

1. e4 c5 2. Nc3 Nc6 3. g3 g6 4. Bg2 Bg7 5. d3 d6 6. f4 e5 7. Nd5 Nge7 8. Ne2 Nxd5 9. exd5 Ne7 10. 0-0 0-0 11. c3 Nf5 12. Kh1 Re8 13. Be4 exf4 14. Bxf4 c4 15. Bxf5 Bxf5 16. dxc4 Bg4 17. Rf2 Qe7 18. c5 Bxe2 19. Qc2 Bc4 20. Rd1 dxc5 21. d6 Qd7 0-1

[Event "Singapore Masters 3rd"]
[Site "Singapore"]
[Date "2006.12.30"]
[Round "9"]
[White "Mohan, Raj"]
[Black "Tin, Lay Shwe"]
[Result "1/2-1/2"]
[WhiteElo "2016"]
[BlackElo "2272"]
[PlyCount "55"]
[EventDate "2006.12.26"]
[EventType "swiss"]
[EventRounds "9"]
[EventCountry "SIN"]
[SourceTitle "CBM 116 Extra"]
[Source "ChessBase"]
[SourceDate "2007.03.07"]
[SourceVersion "1"]
[SourceVersionDate "2007.03.07"]
[SourceQuality "1"]

1. d4 d5 2. Nf3 Nf6 3. c4 c6 4. Qc2 g6 5. g3 Bg7 6. Bg2 Bf5 7. Qb3 Qb6 8. Qxb6 axb6 9. Na3 Na6 10. 0-0 0-0 11. Bf4 dxc4 12. Nxc4 Nd5 13. Bd2 Nab4 14. Bxb4 Nxb4 15. a3 Nd5 16. Ncd2 Nf6 17. Rac1 Ne4 18. Nc4 b5 19. Ne3 Be6 20. Rfd1 Rfd8 21. Ne1 Nf6 22. N3c2 Rd7 23. Nd3 Bc4 24. Ne5 Rc7 25. Nxc4 bxc4 26. Nb4 Nd5 27. Rxc4 Nxb4 28. Rxb4 1/2-1/2

[Event "Singapore Masters 3rd"]
[Site "Singapore"]
[Date "2006.12.29"]
[Round "8"]
[White "Bachtiar, Ahmad Ina"]
[Black "Mohan, Raj"]
[Result "1/2-1/2"]
[WhiteElo "2244"]
[BlackElo "2016"]
[PlyCount "84"]
[EventDate "2006.12.26"]
[EventType "swiss"]
[EventRounds "9"]
[EventCountry "SIN"]
[SourceTitle "CBM 116 Extra"]
[Source "ChessBase"]
[SourceDate "2007.03.07"]
[SourceVersion "1"]
[SourceVersionDate "2007.03.07"]
[SourceQuality "1"]

1. d4 Nf6 2. c4 g6 3. Nc3 d5 4. Nf3 Bg7 5. h3 0-0 6. Bf4 c6 7. e3 Qa5 8. Bd3 Na6 9. 0-0 Nb4 10. Be2 dxc4 11. Ne5 b5 12. a3 Nbd5 13. Nxc6 Qb6 14. Ne5 Nxf4 15. exf4 Rd8 16. Bf3 Bb7 17. Bxb7 Qxb7 18. Qf3 Qxf3 19. Nxf3 Nd5 20. g3 Rab8 21. Rac1 e6 22. Rfd1 h6 23. Kg2 Rb6 24. Ne4 Rc6 25. Ne5 Rc7 26. Kf3 Kh7 27. Ke2 a6 28. Nc5 Bxe5 29. fxe5 a5 30. a4 bxa4 31. Rxc4 Rb8 32. Rd2 Rb4 33. Rxb4 Nxb4 34. Nxa4 g5 35. Nc5 Nc6 36. Ne4 Kg6 37. Ke3 Rd7 38. f4 Ne7 39. Nd6 Ra7 40. fxg5 hxg5 41. Ke4 a4 42. Rf2 Nd5 1/2-1/2

[Event "Singapore Masters 3rd"]
[Site "Singapore"]
[Date "2006.12.27"]
[Round "4"]
[White "Lee TH, Bryan"]
[Black "Mohan, Raj"]
[Result "0-1"]
[WhiteElo "1908"]
[BlackElo "2016"]
[PlyCount "66"]
[EventDate "2006.12.26"]
[EventType "swiss"]
[EventRounds "9"]
[EventCountry "SIN"]
[SourceTitle "CBM 116 Extra"]
[Source "ChessBase"]
[SourceDate "2007.03.07"]
[SourceVersion "1"]
[SourceVersionDate "2007.03.07"]
[SourceQuality "1"]

1. e4 d5 2. exd5 Qxd5 3. Nc3 Qa5 4. d4 Nf6 5. Nf3 Bf5 6. Bc4 c6 7. 0-0 e6 8. Re1 Be7 9. Bb3 0-0 10. Nh4 Bg4 11. f3 Bh5 12. Re5 Qc7 13. g4 Nbd7 14. Re1 Bg6 15. Nxg6 hxg6 16. Ne2 Bd6 17. Kg2 c5 18. c3 c4 19. Bc2 Nd5 20. Ng3 Rae8 21. Ne4 Bxh2 22. Rh1 Bf4 23. Qe1 Bxc1 24. Rxc1 f6 25. Qh4 Qf4 26. Kf2 Kf7 27. Qh2 Qe3+ 28. Kg3 Rh8 29. Qd2 Ke7 30. Rhe1 Rh3+ 31. Kxh3 Qxf3+ 32. Kh2 Rh8+ 33. Kg1 Rh1# 0-1